Statystyki dla Fitohormony

Kliknij tutaj aby rozwiązać quiz!

Ogólne statystyki

  • Ten quiz został rozwiązany 13 razy
  • Średni wynik to 4 z 6

Statystyki odpowiedzi

DziałanieFitohormon% Poprawnych
Stymuluje dojrzewanie owoców. Przyspiesza starzenie się roślin. Hamuje wzrost wydłużeniowy oraz pobudza reakcje na czynniki stresowe.Etylen
100%
Stymulują wzrost komórek na długośćAuksyny
89%
Stymulują podziały komórek i ich wzrost objętościowy. Indukują powstawanie pędów bocznych. Uczestniczą także w różnicowaniu się organów.Cytokininy
89%
Stymulują wzrost wydłużeniowy pędu oraz rozwój pyłku kwiatowego i wzrost łagiewki pyłkowej.Gibereliny
89%
Przyspiesza procesy starzenia się roślin, opadania liści i owoców, hamuje wzrost pędów i kiełkowanie nasion oraz uruchamia reakcje obronne w odpowiedzi na czynniki stresoweKwas abscysynowy/ABA
78%
Kontrolują rozwój korzeni oraz stymujują wzrost i podziały komórek pędów.Brassinosteroidy
0%

Rozkład punktacji

Percentyl według liczby udzielonych odpowiedzi

Procent ludzi z każdym wynikiem

Twoja historia wyników

Nie rozwiązałeś tego quizu